000 00551nmm a2200169Ia 4500
008 251105s9999||||xx |||||||||||||||||und||
020 _a9788437079622
041 _aspa
100 _aLara Alberola, Eva
245 0 _aHechiceras y brujas en la literatura española de los Siglos de Oro
264 _a[Madrid, España] :
_bPublicaciones de la Universidad de Valencia (PUV),
_c2010
300 _a370 páginas
490 _aParnaseo
650 _aFolklore & Popular Culture
856 _uhttps://public.digitaliapublishing.com/a/35306
942 _cCF
999 _c82551
_d82551